Bà tiên súng cạcbin Tiểu thuyết
v.v...
Đã lưu trong:
| Tác giả chính: | |
|---|---|
| Định dạng: | Sách |
| Năm xuất bản: |
H.
Văn học
1997
|
| Series: | Văn học hiện đại nước ngoài. Văn học Pháp
|
| Chủ đề: | |
| Tags: |
Thêm thẻ
Không có thẻ, Hãy là người đầu tiên gắn thẻ bản ghi này!
|
| LEADER | 01594nam a2200253 4500 | ||
|---|---|---|---|
| 082 | |a 843 |b P203N | ||
| 100 | |a Pennac, Daniel | ||
| 245 | |a Bà tiên súng cạcbin |c Daniel Pennac; Phạm Văn Ba, Nguyễn Mạnh Trường dịch |b Tiểu thuyết | ||
| 260 | |a H. |b Văn học |c 1997 | ||
| 300 | |a 413 tr. |c 19 cm. | ||
| 490 | |a Văn học hiện đại nước ngoài. Văn học Pháp | ||
| 520 | |a v.v... | ||
| 653 | |a Văn học hiện đại | ||
| 653 | |a Pháp | ||
| 653 | |a Tiểu thuyết | ||
| 942 | |2 ddc |c STK0 | ||
| 999 | |c 3483 |d 3483 | ||
| 952 | |0 0 |1 0 |2 ddc |4 0 |6 843_000000000000000_P203N |7 1 |8 800 |9 36906 |a qbu |b qbu |c D5 |d 2014-12-16 |g 22000 |o 843 P203N |p 551.c1 |r 0000-00-00 |w 2014-12-16 |y STK0 | ||
| 952 | |0 0 |1 0 |2 ddc |4 0 |6 843_000000000000000_P203N |7 0 |8 800 |9 36907 |a qbu |b qbu |c D5 |d 2014-12-16 |g 22000 |o 843 P203N |p 551.c2 |r 0000-00-00 |w 2014-12-16 |y STK0 | ||
| 952 | |0 0 |1 0 |2 ddc |4 0 |6 843_000000000000000_P203N |7 0 |8 800 |9 36908 |a qbu |b qbu |c D5 |d 2014-12-16 |g 22000 |o 843 P203N |p 551.c3 |r 0000-00-00 |w 2014-12-16 |y STK0 | ||
| 952 | |0 0 |1 0 |2 ddc |4 0 |6 843_000000000000000_P203N |7 0 |8 800 |9 36909 |a qbu |b qbu |c D5 |d 2014-12-16 |g 22000 |o 843 P203N |p 551.c4 |r 0000-00-00 |w 2014-12-16 |y STK0 | ||
| 952 | |0 0 |1 0 |2 ddc |4 0 |6 843_000000000000000_P203N |7 0 |8 800 |9 36910 |a qbu |b qbu |c D5 |d 2014-12-16 |g 22000 |o 843 P203N |p 551.c5 |r 0000-00-00 |w 2014-12-16 |y STK0 | ||
| 952 | |0 0 |1 0 |2 ddc |4 0 |6 843_000000000000000_P203N |7 0 |8 800 |9 36911 |a qbu |b qbu |c D5 |d 2014-12-16 |g 22000 |o 843 P203N |p 551.c6 |r 0000-00-00 |w 2014-12-16 |y STK0 | ||
| 952 | |0 0 |1 0 |2 ddc |4 0 |6 843_000000000000000_P203N |7 0 |8 800 |9 36912 |a qbu |b qbu |c D5 |d 2014-12-16 |g 22000 |o 843 P203N |p 551.c7 |r 0000-00-00 |w 2014-12-16 |y STK0 | ||